El pensamiento filosófico en el Repertorio Americano

Guardat en:
Dades bibliogràfiques
Autor principal: Mora Rodríguez, Arnoldo 1937-
Format: Desconegut
Idioma:Spanish
Publicat: [San José, Costa Rica] Ediciones Guayacán [1989]
Matèries:
Etiquetes: Afegir etiqueta
Sense etiquetes, Sigues el primer a etiquetar aquest registre!

MARC

LEADER 000000000a22000000004500
001 001919
003 CIICLA
005 20140130102611.0
007 ta
008 140130q1989 cr |||f |||| 00| 0 spa d
020 |a 9977978417 
040 |c cru CIICLA Universidad de Costa Rica 
041 0 |a español 
092 0 |a CR864.4 M8278p 
100 1 |a Mora Rodríguez, Arnoldo  |d 1937- 
245 1 3 |a El pensamiento filosófico en el Repertorio Americano  |c Arnoldo Mora Rodríguez 
260 |a [San José, Costa Rica]   |b Ediciones Guayacán   |c [1989] 
300 |a 77 páginas 
500 |a La biblioteca posee otro ejemplar con número de inscripción 01504, 01150 
650 4 |a FILOSOFIA EN LA LITERATURA 
942 |2 ddc  |c BK 
999 |c 2807  |d 2807